000 00589nam a2200229Ia 4500
003 OSt
005 20220928111221.0
006 a|||||r|||| 00| 0
007 ta
008 220927b |||||||| |||| 00| 0 eng d
024 _a59936
037 _cTextual
040 _aSDCL
_cSDCL
_beng
041 _2eng
_aeng
082 _aR694, 15L1
100 _aNarendradev
_9422755
245 0 _aBoudh-dharm darshan.
260 _aPatna
_bBihar Rastrabhasha Parishad
_c1971
300 _a690p.
_ccm.
942 _hR694, 15L1
_cTEXL
_2CC
999 _c739168
_d739168